[Event "33. Seebach-Open"]
[Site "Grossenseebach"]
[Date "2024.05.30"]
[Round "2.13"]
[White "Poelsterl, Hans"]
[Black "Stierhof, Michael"]
[Result "0-1"]
[WhiteElo "1798"]
[BlackElo "2068"]
[PlyCount "74"]
[EventDate "2024.??.??"]
[WhiteTeam "SK Nürnberg 1911 e.V."]
[BlackTeam "SC 1868 Bamberg"]

1. c4 Nf6 2. Nc3 c5 3. e4 Nc6 4. g3 g6 5. Bg2 Bg7 6. Nge2 O-O 7. d3 Rb8 8. Be3
d6 9. h3 Bd7 10. Qd2 a6 11. Bh6 b5 12. Bxg7 Kxg7 13. O-O Nd4 14. Nxd4 cxd4 15.
Ne2 Qb6 16. b3 a5 17. Kh2 Bc6 18. f4 e5 19. fxe5 dxe5 20. Qg5 Nd7 21. h4 f6 22.
Qd2 h5 23. Bh3 bxc4 24. bxc4 Nc5 25. Rf2 Qb2 26. Rd1 Ba4 27. Nc1 Qxd2 28. Rdxd2
Rb1 29. Rf1 Rf7 30. Kg1 Rfb7 31. Rdf2 Rxc1 32. Rxc1 Nxd3 33. Rcf1 Nxf2 34. Rxf2
Rb1+ 35. Kh2 Rc1 36. g4 hxg4 37. Bxg4 Rxc4 0-1

[Event "33. Seebach-Open"]
[Site "Grossenseebach"]
[Date "2024.05.30"]
[Round "2.14"]
[White "Wachter, Michael"]
[Black "Saathoff, Richard"]
[Result "1/2-1/2"]
[WhiteElo "1779"]
[BlackElo "2057"]
[PlyCount "35"]
[EventDate "2024.??.??"]
[WhiteTeam "SC 1868 Bamberg"]
[BlackTeam "SC Schwarz-Weiß Nürnberg Süd e.V"]

1. d4 Nf6 2. Bf4 d6 3. h3 g6 4. c3 Bg7 5. Nf3 O-O 6. e3 c5 7. Be2 Be6 8. dxc5
dxc5 9. Qxd8 Rxd8 10. O-O Nc6 11. Nbd2 Bf5 12. Rfd1 Bc2 13. Rdc1 Bd3 14. Kf1
Bf5 15. Rd1 Bc2 16. Rdc1 Bf5 17. Rd1 Bc2 18. Rdc1 1/2-1/2

[Event "33. Seebach-Open"]
[Site "Grossenseebach"]
[Date "2024.05.30"]
[Round "2.15"]
[White "Barsov, Vladislav"]
[Black "Narr, Kevin"]
[Result "0-1"]
[WhiteElo "1733"]
[BlackElo "2131"]
[PlyCount "48"]
[EventDate "2024.??.??"]
[WhiteTeam "SK Gräfelfing"]
[BlackTeam "SG Donautal Tuttlingen"]

1. c4 c6 2. g3 d5 3. Bg2 Nf6 4. Nf3 dxc4 5. Nc3 g6 6. Qa4 b5 7. Qc2 Bf5 8. e4
Bg4 9. Ne5 Qd4 10. Nxg4 Nxg4 11. O-O Bg7 12. Nxb5 cxb5 13. e5 O-O 14. Bxa8 Nd7
15. Bg2 Nc5 16. h3 Nxf2 17. Rxf2 Nd3 18. Qd1 Qxf2+ 19. Kh1 Bxe5 20. a4 Qxg3 21.
Kg1 Bd4+ 22. Kh1 Nf2+ 23. Kg1 Ng4+ 24. Kh1 Qh2# 0-1

[Event "33. Seebach-Open"]
[Site "Grossenseebach"]
[Date "2024.05.30"]
[Round "2.16"]
[White "Diller, Marianne"]
[Black "Meulner, Fabian"]
[Result "0-1"]
[WhiteElo "1844"]
[BlackElo "2085"]
[PlyCount "78"]
[EventDate "2024.??.??"]
[WhiteTeam "SK Rothenburg e.V."]
[BlackTeam "SC JÄKLECHEMIE Talente Franken e"]

1. d4 d5 2. c4 e6 3. Nc3 h6 4. Bf4 Nf6 5. e3 Bd6 6. Bxd6 Qxd6 7. Nf3 O-O 8. Rc1
Qe7 9. Bd3 dxc4 10. Bxc4 c5 11. dxc5 Qxc5 12. Qe2 b6 13. O-O Bb7 14. a3 Nbd7
15. Ba6 Bxa6 16. Qxa6 Ne5 17. Nd4 Qc8 18. Qb5 Qb8 19. h3 a6 20. Qe2 Qb7 21. f4
Ned7 22. e4 Nc5 23. e5 Nd5 24. f5 Nxc3 25. Rxc3 Rad8 26. Rf4 exf5 27. Nxf5 Ne6
28. Nxh6+ gxh6 29. Rf6 Qd5 30. Qg4+ Ng7 31. Qg3 Rfe8 32. Rd6 Qe4 33. Re3 Qxe3+
34. Qxe3 Rxd6 35. Qe2 b5 36. Qe3 Rde6 37. Qa7 Rg6 38. Qc7 Rg5 39. Qb7 Re6 0-1

[Event "33. Seebach-Open"]
[Site "Grossenseebach"]
[Date "2024.05.30"]
[Round "2.17"]
[White "Krupke, Sven"]
[Black "Bomert, Christian"]
[Result "0-1"]
[WhiteElo "2085"]
[BlackElo "1824"]
[PlyCount "42"]
[EventDate "2024.??.??"]
[WhiteTeam "SF Rosenheim e.V."]
[BlackTeam "HSK Lister Turm"]

1. d4 Nf6 2. Nf3 e6 3. Nbd2 d5 4. e3 Bd6 5. Bd3 O-O 6. O-O Nbd7 7. Re1 e5 8. e4
Re8 9. exd5 exd4 10. Ne4 Nxd5 11. Nxd6 Rxe1+ 12. Qxe1 cxd6 13. Bxh7+ Kxh7 14.
Qe4+ Kg8 15. Qxd5 Nf8 16. Bf4 Be6 17. Qxd6 Qa5 18. Qxd4 Rd8 19. Qe5 Qb6 20. Qc7
Qxb2 21. Be5 Qxa1+ 0-1

[Event "33. Seebach-Open"]
[Site "Grossenseebach"]
[Date "2024.05.30"]
[Round "2.18"]
[White "Piotraschke, Jens"]
[Black "Arora, Abhiraaj"]
[Result "1/2-1/2"]
[WhiteElo "2064"]
[BlackElo "1827"]
[PlyCount "57"]
[EventDate "2024.??.??"]
[WhiteTeam "TuS Coswig 1920"]
[BlackTeam "SC Erlangen 48/88"]

1. d4 d5 2. Nf3 Nf6 3. c4 e6 4. g3 Be7 5. Bg2 O-O 6. O-O dxc4 7. Qc2 a6 8. a4
Bd7 9. Qxc4 Bc6 10. Bf4 Nd5 11. Nc3 Nxf4 12. gxf4 Nd7 13. Rfd1 Nb6 14. Qb3 Bd6
15. Ne5 Bxg2 16. Kxg2 a5 17. Ne4 Nd5 18. e3 Bb4 19. Rg1 Qh4 20. Kh1 f6 21. Nf3
Qh5 22. Rg3 Kf7 23. Rag1 Rg8 24. Qd3 c6 25. Nc3 g6 26. Nd2 Rad8 27. Qc2 Ne7 28.
Rc1 Nf5 29. Rg2 1/2-1/2

[Event "33. Seebach-Open"]
[Site "Grossenseebach"]
[Date "2024.05.30"]
[Round "2.19"]
[White "Deschler, Arne"]
[Black "Kuhmann, Peter"]
[Result "1-0"]
[WhiteElo "2052"]
[BlackElo "1799"]
[PlyCount "35"]
[EventDate "2024.??.??"]
[WhiteTeam "SC Noris-Tarrasch Nürnberg 1873"]
[BlackTeam "TSV Kirchehrenbach"]

1. e4 d6 2. d4 Nf6 3. Nc3 Nbd7 4. Be3 e5 5. Nf3 c6 6. dxe5 dxe5 7. Bc4 Bb4 8.
Qd3 O-O 9. a3 Bxc3+ 10. bxc3 Qc7 11. O-O Nb6 12. Ba2 Bg4 13. Bg5 Qe7 14. Nh4 h6
15. Ng6 Qc7 16. Bxf6 gxf6 17. Nxf8 Kxf8 18. Qe3 1-0

[Event "33. Seebach-Open"]
[Site "Grossenseebach"]
[Date "2024.05.30"]
[Round "2.20"]
[White "Schmahl, Stephan"]
[Black "Llugiq, Bajram"]
[Result "1-0"]
[WhiteElo "2007"]
[BlackElo "1816"]
[PlyCount "51"]
[EventDate "2024.??.??"]
[WhiteTeam "SC Windischeschenbach"]
[BlackTeam "SC Schwarz-Weiß Nürnberg Süd e.V"]

1. e4 c5 2. Nf3 Nc6 3. Bc4 e6 4. O-O g6 5. c3 Bg7 6. d4 cxd4 7. cxd4 Nge7 8. d5
Na5 9. Be2 b6 10. Nc3 O-O 11. Bg5 exd5 12. exd5 d6 13. Nd4 f6 14. Be3 Nb7 15.
Rc1 a6 16. b4 Bd7 17. Qd2 b5 18. Rfd1 Rc8 19. a4 a5 20. Ncxb5 axb4 21. Qxb4
Rxc1 22. Rxc1 Qb8 23. Nc6 Nxc6 24. dxc6 Nc5 25. c7 Qb7 26. Qc4+ 1-0

[Event "33. Seebach-Open"]
[Site "Grossenseebach"]
[Date "2024.05.30"]
[Round "2.21"]
[White "Seibold, Hubert"]
[Black "Kwossek, Martin"]
[Result "1-0"]
[WhiteElo "1996"]
[BlackElo "1724"]
[PlyCount "93"]
[EventDate "2024.??.??"]
[WhiteTeam "SK Zirndorf e.V."]
[BlackTeam "SC Kitzingen von 1905"]

1. c4 e5 2. g3 Nf6 3. Bg2 Nc6 4. Nc3 Be7 5. Nf3 d6 6. O-O O-O 7. d4 exd4 8.
Nxd4 Bd7 9. h3 Rb8 10. b3 Qc8 11. Kh2 h6 12. Bb2 Rd8 13. Rc1 a6 14. Qd2 Ne5 15.
Nd5 Bf8 16. Nxf6+ gxf6 17. e4 c5 18. f4 cxd4 19. Qxd4 Bg7 20. fxe5 dxe5 21. Qb6
Qc6 22. Qxc6 Bxc6 23. Rfd1 Kf8 24. g4 Ke8 25. Kg3 Rxd1 26. Rxd1 Rd8 27. Rxd8+
Kxd8 28. Kh4 b5 29. cxb5 Bxb5 30. Bc1 Ke8 31. Kh5 Kf8 32. Bxh6 Kg8 33. Bxg7
Kxg7 34. Kh4 a5 35. Kg3 Bd3 36. a3 Bb5 37. Bf3 Bd3 38. Kf2 Bc2 39. b4 axb4 40.
axb4 Ba4 41. Be2 Bc6 42. Ke3 Kg6 43. h4 Kg7 44. b5 Bb7 45. Bf3 Kg6 46. Kd2 Kg7
47. Kc3 1-0

[Event "33. Seebach-Open"]
[Site "Grossenseebach"]
[Date "2024.05.30"]
[Round "2.22"]
[White "Vennemann, Juergen"]
[Black "Martin Fernandez, Rafael"]
[Result "0-1"]
[WhiteElo "1831"]
[BlackElo "1991"]
[PlyCount "100"]
[EventDate "2024.??.??"]
[WhiteTeam "SC Hersbruck"]
[BlackTeam "SC Erlangen 48/88"]

1. e4 c5 2. Nf3 d6 3. Bb5+ Nd7 4. O-O a6 5. Bxd7+ Bxd7 6. a4 Nf6 7. d3 e6 8.
Re1 Be7 9. e5 dxe5 10. Nxe5 O-O 11. a5 Qc7 12. Bf4 Bd6 13. Nxd7 Qxd7 14. Bxd6
Qxd6 15. Nd2 Rad8 16. Nc4 Qf4 17. Qc1 Qh4 18. Qe3 Rd5 19. Qg3 Qxg3 20. hxg3
Rfd8 21. f3 Nd7 22. Kf2 Nb8 23. Nb6 Rf5 24. g4 Rg5 25. Rh1 Nc6 26. Rh5 Rxh5 27.
gxh5 Nb4 28. Kg3 f6 29. Rc1 Kf7 30. Nc4 e5 31. Ne3 Ke6 32. Rd1 Nc6 33. Nc4 Nd4
34. Rd2 g6 35. hxg6 hxg6 36. Kf2 g5 37. g4 Rf8 38. Ne3 Rh8 39. Kg2 Kd6 40. c3
Rh2+ 41. Kxh2 Nxf3+ 42. Kg3 Nxd2 43. b4 cxb4 44. cxb4 e4 45. Nc4+ Nxc4 46. dxc4
Ke5 47. c5 Kd5 48. Kf2 Kc4 49. Ke3 Kxb4 50. Kxe4 Kxa5 0-1

[Event "33. Seebach-Open"]
[Site "Grossenseebach"]
[Date "2024.05.30"]
[Round "2.23"]
[White "Schraegle, Thorsten"]
[Black "Utz, Helmut"]
[Result "1/2-1/2"]
[WhiteElo "1950"]
[BlackElo "1788"]
[PlyCount "81"]
[EventDate "2024.??.??"]
[WhiteTeam "SG Donautal Tuttlingen"]
[BlackTeam "SC Wassertrüdingen"]

1. d4 Nf6 2. Nc3 d5 3. Bf4 c5 4. e4 e6 5. Nb5 Na6 6. e5 Ng8 7. Nf3 c4 8. c3 Qb6
9. a4 Bd7 10. b3 Bxb5 11. axb5 Qxb5 12. bxc4 dxc4 13. Qa4 Nc7 14. Bxc4 Qxa4 15.
Rxa4 b5 16. Bxb5+ Nxb5 17. Bd2 Nh6 18. Ke2 Be7 19. Rb1 Nc7 20. Rb7 Kd7 21.
Raxa7 Rxa7 22. Rxa7 Ra8 23. Rb7 f6 24. exf6 Bxf6 25. Bf4 Rc8 26. c4 Kc6 27. Rb3
Nf5 28. Kd3 Rd8 29. Be5 Ne8 30. g4 Ne7 31. Ra3 Bxe5 32. Nxe5+ Kb7 33. f4 Nc6
34. Nxc6 Kxc6 35. Ra6+ Kd7 36. Ra7+ Kd6 37. c5+ Kc6 38. Re7 Kd5 39. g5 Ra8 40.
Rd7+ Kc6 41. Re7 1/2-1/2

[Event "33. Seebach-Open"]
[Site "Grossenseebach"]
[Date "2024.05.30"]
[Round "2.24"]
[White "Thurn, Stephan"]
[Black "Eber, Fabian"]
[Result "1-0"]
[WhiteElo "1761"]
[BlackElo "2157"]
[PlyCount "113"]
[EventDate "2024.??.??"]
[WhiteTeam "TSV Kirchehrenbach"]
[BlackTeam "SGem 1882 Fürth"]

1. d4 d5 2. c4 c6 3. Nf3 Nf6 4. Nc3 e6 5. Qc2 Nbd7 6. b3 Bd6 7. e4 dxe4 8. Nxe4
Nxe4 9. Qxe4 Nf6 10. Qc2 O-O 11. Be2 c5 12. dxc5 Bxc5 13. O-O b6 14. Bb2 Bb7
15. Ng5 Bd4 16. Rad1 e5 17. Bf3 Rb8 18. Rd2 h6 19. Bxb7 Rxb7 20. Nf3 Rd7 21.
Nxd4 exd4 22. Rfd1 Re8 23. f3 Nh5 24. Rxd4 Rxd4 25. Rxd4 Qg5 26. Qd2 f5 27.
Qxg5 hxg5 28. Kf2 Nf4 29. Rd2 Re7 30. Ba3 Re6 31. Bd6 Ng6 32. Bb8 Re7 33. b4
Rb7 34. Bd6 Kf7 35. Re2 Nf4 36. Bxf4 gxf4 37. Ke1 Rc7 38. Rc2 b5 39. Kd2 Rd7+
40. Kc3 bxc4 41. Kxc4 Rc7+ 42. Kb3 Rd7 43. Re2 Rd3+ 44. Ka4 a6 45. b5 axb5+ 46.
Kxb5 Re3 47. Rd2 Ke6 48. a4 Rb3+ 49. Kc4 Ra3 50. Kb4 Ra1 51. a5 g5 52. h3 g4
53. hxg4 fxg4 54. fxg4 Kf6 55. Rd5 Ra2 56. Rf5+ Ke6 57. Rxf4 1-0

[Event "33. Seebach-Open"]
[Site "Grossenseebach"]
[Date "2024.05.30"]
[Round "2.25"]
[White "Sammer, Fabian"]
[Black "Huhn, Stefan"]
[Result "0-1"]
[WhiteElo "1672"]
[BlackElo "1999"]
[PlyCount "126"]
[EventDate "2024.??.??"]
[WhiteTeam "SC JÄKLECHEMIE Talente Franken e"]
[BlackTeam "SV Herrenberg e.V."]

1. Nf3 c5 2. g3 Nc6 3. Bg2 g6 4. O-O Bg7 5. c4 e5 6. Nc3 Nge7 7. e3 O-O 8. a3
d6 9. d3 h6 10. Rb1 a5 11. Nd2 Be6 12. Nd5 Rb8 13. b4 axb4 14. axb4 Bxd5 15.
cxd5 Nxb4 16. Qb3 b5 17. Ba3 Na6 18. Bb2 Qd7 19. Ra1 Ra8 20. Ra5 Nc7 21. Rfa1
Rxa5 22. Rxa5 Ra8 23. Qa2 Rxa5 24. Qxa5 Kh7 25. Qa7 Qd8 26. Qb7 Qc8 27. Qb6 Qd7
28. Qb7 Qd8 29. Qb6 Ng8 30. Ne4 Bf8 31. f4 exf4 32. gxf4 Qe7 33. Qb7 f5 34. Nf2
b4 35. e4 Ne8 36. Qc8 Bg7 37. e5 dxe5 38. fxe5 Bxe5 39. Bxe5 Qxe5 40. Qxc5 b3
41. Qc1 b2 42. Qb1 Qc3 43. Nd1 Qc1 44. Qxb2 Qxd1+ 45. Bf1 Qg4+ 46. Bg2 Qf4 47.
Qc3 Qd6 48. Qc8 Ngf6 49. Qb7+ Qc7 50. Qb5 Nd6 51. Qb2 Qa7+ 52. Kf1 Ng4 53. h3
Ne3+ 54. Ke1 Nxg2+ 55. Qxg2 Qa1+ 56. Ke2 Qb2+ 57. Kf3 Qxg2+ 58. Kxg2 Kg7 59.
Kf3 Kf6 60. d4 g5 61. Ke3 f4+ 62. Kf2 Kf5 63. Kf3 h5 0-1

[Event "33. Seebach-Open"]
[Site "Grossenseebach"]
[Date "2024.05.30"]
[Round "2.26"]
[White "Vinogradov, Anatoli"]
[Black "Abdelrahim, Ahmed"]
[Result "1/2-1/2"]
[WhiteElo "1639"]
[BlackElo "1995"]
[PlyCount "83"]
[EventDate "2024.??.??"]
[WhiteTeam "SF Haselmühl/Amberg"]
[BlackTeam "SK Radolfzell"]

1. d4 Nf6 2. c4 c5 3. d5 b5 4. cxb5 a6 5. b6 g6 6. Nc3 Qxb6 7. e4 d6 8. Nf3 Bg7
9. Be2 O-O 10. O-O Nbd7 11. h3 Rb8 12. a4 Bb7 13. a5 Qc7 14. Nd2 e6 15. Nc4
exd5 16. exd5 Rfe8 17. Bf4 Ne5 18. Nxe5 dxe5 19. Be3 Rbd8 20. Bc4 Rd7 21. Qb3
Rb8 22. Qa2 Qd8 23. Rfd1 Qc7 24. Na4 Qxa5 25. Nxc5 Qxa2 26. Rxa2 Rd6 27. Nxb7
Rxb7 28. Bc5 Rd8 29. Rxa6 Rxb2 30. Be7 Rc8 31. Bxf6 Bxf6 32. Rxf6 Rxc4 33. d6
Rb8 34. g4 Kg7 35. Rf3 Rd8 36. Rd5 e4 37. Rf4 Rc6 38. Rxe4 Rcxd6 39. Rxd6 Rxd6
40. h4 h6 41. Kg2 Kf6 42. Rf4+ 1/2-1/2

[Event "33. Seebach-Open"]
[Site "Grossenseebach"]
[Date "2024.05.30"]
[Round "2.27"]
[White "Bruss, Robert"]
[Black "Zagrada, Halil"]
[Result "1-0"]
[WhiteElo "1994"]
[BlackElo "1632"]
[PlyCount "47"]
[EventDate "2024.??.??"]
[WhiteTeam "SV Altensittenbach"]
[BlackTeam "BSG Wöhrlhaus Erlangen"]

1. d4 d5 2. c4 e6 3. Nc3 Nf6 4. cxd5 exd5 5. Bg5 c6 6. e3 Bd6 7. Bd3 Nbd7 8.
Nf3 Qc7 9. O-O O-O 10. Qc2 h6 11. Bh4 Ng4 12. h3 Nh2 13. Nxh2 Bxh2+ 14. Kh1 g5
15. Bg3 Bxg3 16. fxg3 Qxg3 17. Rf3 Qd6 18. Raf1 Kg7 19. Bh7 b6 20. e4 Kxh7 21.
Rxf7+ Rxf7 22. Rxf7+ Kg8 23. e5 Qg6 24. Qxg6+ 1-0

[Event "33. Seebach-Open"]
[Site "Grossenseebach"]
[Date "2024.05.30"]
[Round "2.28"]
[White "Waschner, Richard"]
[Black "Schwarzmann, Tobias"]
[Result "0-1"]
[WhiteElo "1638"]
[BlackElo "1953"]
[PlyCount "98"]
[EventDate "2024.??.??"]
[WhiteTeam "Spvg Zabo-Eintracht Nürnberg e.V"]
[BlackTeam "SC Höchstadt/Aisch"]

1. d4 Nf6 2. Nc3 d5 3. Bf4 e6 4. Nb5 Na6 5. e3 c6 6. Nc3 Nc7 7. Nf3 Bb4 8. Bd3
O-O 9. Ne5 Nce8 10. O-O Nd6 11. Na4 Nde4 12. c3 Be7 13. f3 Nd6 14. Nc5 Nh5 15.
Bg3 Nxg3 16. hxg3 g6 17. Kf2 Kg7 18. Rh1 f6 19. Ng4 h5 20. Nh2 e5 21. g4 b6 22.
Nb3 hxg4 23. Nxg4 Bxg4 24. fxg4 e4 25. Ba6 f5 26. Kg1 Bg5 27. Rh3 Qd7 28. Be2
f4 29. exf4 Bxf4 30. Nd2 Nf7 31. Nf1 Ng5 32. Rh1 Rh8 33. Rxh8 Rxh8 34. g3 Bb8
35. Kg2 Qd6 36. Qd2 Qf6 37. Qe3 Bd6 38. b4 Qe7 39. a3 c5 40. dxc5 bxc5 41. b5
Be5 42. Rb1 d4 43. cxd4 cxd4 44. Qb3 Qb7 45. Qc4 Rc8 46. Qb4 e3+ 47. Kg1 Rh8
48. Nh2 Nh3+ 49. Kf1 Qh1# 0-1

[Event "33. Seebach-Open"]
[Site "Grossenseebach"]
[Date "2024.05.30"]
[Round "2.30"]
[White "Kassner, Sascha"]
[Black "Nesmjanowitsch, Julia"]
[Result "1-0"]
[WhiteElo "1937"]
[BlackElo "1580"]
[PlyCount "39"]
[EventDate "2024.??.??"]
[WhiteTeam "SF Rosenheim e.V."]
[BlackTeam "SC JÄKLECHEMIE Talente Franken e"]

1. g4 d5 2. h3 Nc6 3. d3 e5 4. Nf3 Bc5 5. a3 f5 6. b4 fxg4 7. hxg4 Bd6 8. b5
Nce7 9. Bb2 Ng6 10. Nc3 c6 11. Rg1 Nf6 12. g5 Ng4 13. Qd2 Qe7 14. e3 O-O 15.
Be2 e4 16. dxe4 dxe4 17. Nxe4 Qxe4 18. Qxd6 Be6 19. Qd4 Qxd4 20. Nxd4 1-0

[Event "33. Seebach-Open"]
[Site "Grossenseebach"]
[Date "2024.05.30"]
[Round "2.31"]
[White "Averkova, Mariia"]
[Black "Brunsch, Michael"]
[Result "1-0"]
[WhiteElo "1615"]
[BlackElo "1936"]
[PlyCount "57"]
[EventDate "2024.??.??"]
[WhiteTeam "SC 1868 Bamberg"]
[BlackTeam "SC Höchstadt/Aisch"]

1. d4 Nf6 2. Nf3 g6 3. e3 Bg7 4. b3 b6 5. Bb2 Bb7 6. Bd3 O-O 7. O-O d6 8. c4
Nbd7 9. Nbd2 e5 10. d5 Nh5 11. Qc2 f5 12. e4 f4 13. Be2 Ndf6 14. Ng5 Bc8 15. b4
h6 16. Ngf3 g5 17. h3 Bd7 18. c5 Be8 19. c6 a6 20. a4 Bg6 21. b5 a5 22. Ba3 Qe7
23. Rfe1 Kh8 24. Bd3 Nh7 25. Nc4 Rfd8 26. Ncxe5 Be8 27. Rab1 N5f6 28. Nc4 Qf7
29. Bb2 1-0

[Event "33. Seebach-Open"]
[Site "Grossenseebach"]
[Date "2024.05.30"]
[Round "2.32"]
[White "Koenig, Oliver"]
[Black "Barsov, Mikhail"]
[Result "1-0"]
[WhiteElo "1935"]
[BlackElo "1576"]
[PlyCount "49"]
[EventDate "2024.??.??"]
[WhiteTeam "SGem 1882 Fürth"]
[BlackTeam "SK Gräfelfing"]

1. Nc3 d5 2. d4 Nf6 3. Bf4 Bf5 4. e3 e6 5. Nf3 c5 6. Nb5 Qa5+ 7. b4 Qxb4+ 8. c3
Qb2 9. Nc7+ Kd7 10. Rc1 cxd4 11. exd4 Ne4 12. Ne5+ Kc8 13. Nd3 Qxa2 14. Be2 Na6
15. Nxa8 g5 16. Be3 Kb8 17. O-O Qa3 18. Ne5 Nxc3 19. Qd2 Bb4 20. Ra1 Nxe2+ 21.
Qxe2 Qb3 22. Rxa6 bxa6 23. Qxa6 Kxa8 24. Qc6+ Kb8 25. Nd7# 1-0

[Event "33. Seebach-Open"]
[Site "Grossenseebach"]
[Date "2024.05.30"]
[Round "2.33"]
[White "Zyadah, Mahmoud"]
[Black "Haubrich, Michael"]
[Result "1/2-1/2"]
[WhiteElo "1581"]
[BlackElo "1922"]
[PlyCount "62"]
[EventDate "2024.??.??"]
[WhiteTeam "SF Riedlingen"]
[BlackTeam "SK Mering"]

1. e4 c6 2. c3 d5 3. exd5 cxd5 4. d4 Nc6 5. Nf3 Nf6 6. Bd3 Bg4 7. Nbd2 e6 8.
Qb3 Qc8 9. h3 Bh5 10. O-O Bd6 11. Nh2 Qc7 12. Ndf3 Bg6 13. Rd1 O-O 14. Bxg6
hxg6 15. Nf1 Rab8 16. Bg5 b5 17. a3 Rfc8 18. Rac1 a5 19. Qa2 b4 20. c4 dxc4 21.
Bxf6 gxf6 22. Rxc4 Qb6 23. Ne3 Ne7 24. Rdc1 bxa3 25. Rxc8+ Rxc8 26. Rxc8+ Nxc8
27. bxa3 Qc7 28. Qc2 Qxc2 29. Nxc2 Nb6 30. Nd2 Bf4 31. Ne3 Nd5 1/2-1/2

[Event "33. Seebach-Open"]
[Site "Grossenseebach"]
[Date "2024.05.30"]
[Round "2.34"]
[White "Dennerlein, Marius"]
[Black "Rosin, Ralf"]
[Result "0-1"]
[WhiteElo "1578"]
[BlackElo "1915"]
[PlyCount "66"]
[EventDate "2024.??.??"]
[WhiteTeam "SC Wassertrüdingen"]
[BlackTeam "FSV Großenseebach"]

1. b3 Nf6 2. Bb2 d5 3. Nf3 g6 4. g3 Bg7 5. Bg2 O-O 6. O-O c5 7. d3 Nc6 8. Nbd2
b6 9. e3 Bb7 10. a3 Qc7 11. c4 Rad8 12. d4 cxd4 13. Nxd4 dxc4 14. Rc1 Nxd4 15.
Rxc4 Nc6 16. Qc2 Qd7 17. Bxf6 Bxf6 18. Bxc6 Bxc6 19. Rxc6 Qxd2 20. Qxd2 Rxd2
21. Rc7 a5 22. Rc6 Rb8 23. Rfc1 Rb2 24. Rc8+ Rxc8 25. Rxc8+ Kg7 26. b4 axb4 27.
axb4 Rxb4 28. Rc6 Rb1+ 29. Kg2 b5 30. Rb6 b4 31. Kf3 b3 32. Ke2 b2 33. Kd2 Rc1
0-1

[Event "33. Seebach-Open"]
[Site "Grossenseebach"]
[Date "2024.05.30"]
[Round "2.35"]
[White "Weissmann, Peter"]
[Black "Savchuk, Alexander"]
[Result "0-1"]
[WhiteElo "1568"]
[BlackElo "1896"]
[PlyCount "43"]
[EventDate "2024.??.??"]
[WhiteTeam "SGem 1882 Fürth"]
[BlackTeam "SC Uttenreuth e.V."]

1. e4 c5 2. Nf3 d6 3. d4 cxd4 4. Nxd4 Nf6 5. Nc3 Nc6 6. Bg5 e6 7. Bxf6 Qxf6 8.
Ndb5 Qd8 9. Qd2 a6 10. Nd4 Bd7 11. Nxc6 Bxc6 12. Qd4 Qg5 13. g3 Be7 14. f4 Qf6
15. Qe3 O-O 16. Bg2 Rac8 17. O-O b5 18. e5 dxe5 19. Bxc6 Rxc6 20. Ne4 Qh6 21.
Qa7 Rxc2 22. Qxe7 0-1

[Event "33. Seebach-Open"]
[Site "Grossenseebach"]
[Date "2024.05.30"]
[Round "2.36"]
[White "Korn, Lukas Alexander"]
[Black "Urlass, Bernd"]
[Result "1-0"]
[WhiteElo "1883"]
[BlackElo "1539"]
[PlyCount "45"]
[EventDate "2024.??.??"]
[WhiteTeam "FSV Großenseebach"]
[BlackTeam "SSV Fortschritt Lichtenstein"]

1. d4 d5 2. Bf4 e6 3. e3 Nf6 4. Nf3 Nbd7 5. Bd3 c5 6. c3 Qb6 7. Qc2 c4 8. Be2
Ne4 9. Nbd2 Ndf6 10. O-O Bd6 11. Nxe4 Nxe4 12. Ne5 Nf6 13. Bxc4 Bxe5 14. dxe5
dxc4 15. exf6 gxf6 16. Rfd1 e5 17. Qa4+ Kf8 18. Bh6+ Ke7 19. Qa3+ Ke8 20. Rd6
Qb5 21. Rad1 Be6 22. Bg7 Rg8 23. Bxf6 1-0

[Event "33. Seebach-Open"]
[Site "Grossenseebach"]
[Date "2024.05.30"]
[Round "2.37"]
[White "Kozic, David"]
[Black "Steiner, Tizian"]
[Result "0-1"]
[WhiteElo "1565"]
[BlackElo "1875"]
[PlyCount "100"]
[EventDate "2024.??.??"]
[WhiteTeam "SV Lauf a.d.P."]
[BlackTeam "SC 1868 Bamberg"]

1. d4 f5 2. c4 Nf6 3. Nc3 g6 4. Nf3 Bg7 5. Bg5 O-O 6. e3 d6 7. d5 e5 8. dxe6
Bxe6 9. Nd4 Bf7 10. Be2 Nbd7 11. O-O h6 12. Bh4 Ne5 13. Nd5 g5 14. Bg3 Nxd5 15.
cxd5 Qd7 16. f4 Ng4 17. Nxf5 Nxh2 18. Nxg7 Nxf1 19. Bxf1 Kxg7 20. fxg5 hxg5 21.
Qd4+ Kh7 22. Bd3+ Bg6 23. Be1 Bxd3 24. Qxd3+ Qf5 25. Qxf5+ Rxf5 26. e4 Re5 27.
Bd2 Kg6 28. Rc1 Re7 29. Rc4 Rf8 30. Be3 a5 31. a4 b5 32. axb5 Rb8 33. b6 cxb6
34. Rc6 b5 35. Rxd6+ Kh5 36. Bb6 a4 37. Kh2 Rxe4 38. Kh3 g4+ 39. Kh2 b4 40. Bd8
a3 41. bxa3 bxa3 42. Rd7 Ra4 43. Bc7 Re8 44. d6 a2 45. Rh7+ Kg6 46. d7 Rd8 47.
Bxd8 a1=Q 48. Bh4 Ra8 49. Re7 Qh8 50. Re6+ Kf5 0-1

[Event "33. Seebach-Open"]
[Site "Grossenseebach"]
[Date "2024.05.30"]
[Round "2.38"]
[White "Kohler, Alfred"]
[Black "Neher, Benjamin"]
[Result "0-1"]
[WhiteElo "1537"]
[BlackElo "1839"]
[PlyCount "54"]
[EventDate "2024.??.??"]
[WhiteTeam "SK 1911 Herzogenaurach e.V."]
[BlackTeam "SF Wetzisreute"]

1. d4 d6 2. Nf3 Nf6 3. e3 g6 4. c4 Bg7 5. Nc3 O-O 6. Bd3 Nbd7 7. O-O e5 8. dxe5
dxe5 9. Ne4 Qe7 10. Nxf6+ Nxf6 11. e4 Rd8 12. Re1 Bg4 13. h3 Bd7 14. Qc2 Bc6
15. Bg5 h6 16. Bh4 Rd7 17. Rad1 Rad8 18. Bxf6 Qxf6 19. Be2 Qf4 20. g3 Qxe4 21.
Qxe4 Bxe4 22. Rxd7 Rxd7 23. Nxe5 Bxe5 24. Bf1 f5 25. f3 Bd4+ 26. Kg2 Bc6 27. b4
Bc3 0-1

[Event "33. Seebach-Open"]
[Site "Grossenseebach"]
[Date "2024.05.30"]
[Round "2.40"]
[White "Kuhmann, Silas"]
[Black "Dreyer, Andre"]
[Result "1-0"]
[WhiteElo "1498"]
[BlackElo "1832"]
[PlyCount "59"]
[EventDate "2024.??.??"]
[WhiteTeam "TSV Kirchehrenbach"]
[BlackTeam "SV Stockenhausen-Frommern"]

1. f4 d5 2. Nf3 Nf6 3. d3 Nc6 4. c3 g6 5. Qc2 Bg7 6. e4 dxe4 7. dxe4 O-O 8. Be3
Bg4 9. Nbd2 Re8 10. O-O-O Qc8 11. h3 Bxf3 12. Nxf3 e5 13. f5 a6 14. g4 b5 15.
Bg5 Qb7 16. Bxf6 Bxf6 17. g5 Be7 18. f6 Bc5 19. h4 Rad8 20. Rxd8 Rxd8 21. h5
Kf8 22. hxg6 fxg6 23. Rxh7 Ke8 24. Rh8+ Kd7 25. Bh3+ Kd6 26. Qd3+ Bd4 27. Rxd8+
Nxd8 28. cxd4 Qc6+ 29. Kb1 exd4 30. Qxd4+ 1-0

[Event "33. Seebach-Open"]
[Site "Grossenseebach"]
[Date "2024.05.30"]
[Round "2.41"]
[White "Keck, Johannes"]
[Black "Hafes, Hassan"]
[Result "1-0"]
[WhiteElo "1825"]
[BlackElo "1485"]
[PlyCount "71"]
[EventDate "2024.??.??"]
[WhiteTeam "SC Erlangen 48/88"]
[BlackTeam "SF Riedlingen"]

1. e4 c5 2. Nf3 d6 3. d4 cxd4 4. Nxd4 Nf6 5. Nc3 a6 6. f3 Nbd7 7. Be3 g6 8. Qd2
Qc7 9. O-O-O b5 10. a3 Ne5 11. g4 Nc4 12. Bxc4 Qxc4 13. e5 Nd5 14. Nxd5 Qxd5
15. exd6 Qxd6 16. Rhe1 Bg7 17. Qa5 O-O 18. Nf5 Qxh2 19. Nxg7 Kxg7 20. Qc3+ f6
21. Rh1 Qe5 22. Qxe5 fxe5 23. Bh6+ Kg8 24. Bxf8 Kxf8 25. Rxh7 Bb7 26. Rd7 Bxf3
27. Rdxe7 e4 28. Ref7+ Kg8 29. Rfg7+ Kf8 30. Rxg6 Rd8 31. Rh8+ Kf7 32. Rg7+
Kxg7 33. Rxd8 Kf6 34. Kd2 Kg5 35. Ke3 Kxg4 36. Ra8 1-0

[Event "33. Seebach-Open"]
[Site "Grossenseebach"]
[Date "2024.05.30"]
[Round "2.42"]
[White "Faust, Bernhard"]
[Black "Rebhann, Leo"]
[Result "1-0"]
[WhiteElo "1818"]
[BlackElo "1441"]
[PlyCount "101"]
[EventDate "2024.??.??"]
[WhiteTeam "SK Rothenburg e.V."]
[BlackTeam "BSG Wöhrlhaus Erlangen"]

1. d4 d5 2. c4 e6 3. Nc3 Nf6 4. Bg5 Be7 5. e3 c6 6. Nf3 Nbd7 7. Qc2 h6 8. Bh4
O-O 9. Bd3 Re8 10. O-O Nf8 11. a3 Bd7 12. Ne5 dxc4 13. Bxc4 Nd5 14. Bg3 Nf6 15.
h3 Rc8 16. b4 Nd5 17. Qb3 Nxc3 18. Qxc3 Bf6 19. Rfd1 a6 20. Qb3 Ra8 21. Bd3 Bc8
22. Rac1 Be7 23. Be4 Qb6 24. Nc4 Qd8 25. a4 Nd7 26. b5 axb5 27. axb5 cxb5 28.
Qxb5 b6 29. Bxa8 Bf8 30. Bc6 g6 31. Bxd7 Bxd7 32. Qxb6 Qa8 33. Ra1 Qd5 34. Ne5
Bc8 35. Ra7 Bd6 36. Rda1 Bxe5 37. Bxe5 Bd7 38. Rc7 Qb5 39. Qxb5 Bxb5 40. Raa7
Rf8 41. Bf6 Bd3 42. Rd7 h5 43. f3 Bc4 44. Rd8 Rxd8 45. Bxd8 Kg7 46. e4 Bb3 47.
Kf2 Bc4 48. h4 Bb3 49. Ke3 Bc4 50. Kf4 Bb3 51. Kg5 1-0